| 000 | 01186nam a22002057a 4500 | ||
|---|---|---|---|
| 003 | JO-AjAnu | ||
| 005 | 20250317093205.0 | ||
| 008 | 250315b jo ||||| |||| 00| 0 ara d | ||
| 040 |
_aJO-AjAnu _bara _cJO-AjAnu _dJO-AjAnu _erda |
||
| 041 |
_aara _hara |
||
| 050 |
_aK3410 _b2025 |
||
| 100 | 1 |
_aالمومني، دانيه عبدالقادر محمد _eمعد _966505 |
|
| 245 | 0 |
_aأثر مشروعية الصلاحيات الممنوحة للحاكم الاداري بالتوقيف على القضاء الاردني = The impact of the legitimacy of the powers granted to the administrative governor to arrest on the jordanian judiciary / _cاعداد دانيه عبدالقادر محمد المومني؛ اشراف طلال ياسين العيسى |
|
| 260 | _c2025 | ||
| 300 | _a118 ورقة | ||
| 500 | _aرسالة جامعية(رسالة ماجستير في القانون) - جامعة عجلون الوطنية، ( عجلون، الاردن) - كلية الحقوق، قسم القانون، 2025. | ||
| 650 | 0 |
_aالقضاء الاداري - الحاكم الاداري _966506 |
|
| 700 | 1 |
_aالعيسى، طلال ياسين _964930 _eمشرف |
|
| 942 |
_2lcc _cTHS _n0 |
||
| 999 |
_c33894 _d33894 |
||